00353nam a2200133Ia 4500082001900000100002000019245002800039260003500067300001000102650002800112650001600140650003500156650002800191 a305.8001 BRO-; aBromley, Yu. V. 0aTheoretical ethnography aMoscowbNauka Publishersc1984 a263p. aEthnology - Methodology aEthnography aEthnology - Study and teaching aAnthropology - Research